I can count to 100 / (Record no. 102134)
[ view plain ]
| 000 -LEADER | |
|---|---|
| fixed length control field | 00503nam a2200169 a 4500 |
| 005 - DATE AND TIME OF LATEST TRANSACTION | |
| control field | 20140412111229.0 |
| 008 - FIXED-LENGTH DATA ELEMENTS--GENERAL INFORMATION | |
| fixed length control field | 001108s19uu xx 00 eng d |
| 020 ## - INTERNATIONAL STANDARD BOOK NUMBER | |
| International Standard Book Number | 0-394-84090-9 |
| 050 ## - LIBRARY OF CONGRESS CALL NUMBER | |
| Classification number | ER |
| Item number | Ic1 |
| 100 ## - MAIN ENTRY--PERSONAL NAME | |
| Personal name | Howard, Katherine |
| 245 ## - TITLE STATEMENT | |
| Title | I can count to 100 / |
| Statement of responsibility, etc | Katherine Howard ; pictures by Michael J. Smollin. |
| 520 ## - SUMMARY, ETC. | |
| Summary, etc | A friendly mouse introduces the numbers from 1 to 100. |
| 650 ## - SUBJECT ADDED ENTRY--TOPICAL TERM | |
| Topical term or geographic name as entry element | Counting - Juvenile Literature |
| 650 ## - SUBJECT ADDED ENTRY--TOPICAL TERM | |
| Topical term or geographic name as entry element | Counting |
| Withdrawn status | Lost status | Damaged status | Use restrictions | Home library | Current library | Shelving location | Date acquired | Source of acquisition | Total Checkouts | Full call number | Barcode | Date last seen | Price effective from | Koha item type |
|---|---|---|---|---|---|---|---|---|---|---|---|---|---|---|
| Elizalde Library | Elizalde Library | Easy Reading Section | 11/08/2000 | ER Ic1 | E0607 | 04/12/2014 | 04/12/2014 | Books | ||||||
| Elizalde Library | Elizalde Library | Easy Reading Section | 02/07/2003 | ER Ic1 | E8985 | 04/12/2014 | 04/12/2014 | Books |